| 000 | 00832cam a2200265 4500 | ||
|---|---|---|---|
| 001 | WB3618-07 | ||
| 008 | 000000n2000 000 0 eng u | ||
| 035 | _a(Sirsi) u105821 | ||
| 245 | _aFT Survey: retail property | ||
| 260 | _c2000 | ||
| 490 |
_aFinancial Times _v5 May 2000, 15-18(3) (LOAN) |
||
| 520 | _aLooks at the retail property market, including consolidation, property ownership, malls, town centre shopping, the internet and factory outlets. | ||
| 590 | _aWB | ||
| 650 | _aRETAIL PROPERTY | ||
| 650 | _aFACTORY OUTLETS | ||
| 650 | _aE-COMMERCE | ||
| 650 | _aINTERNET SHOPPING | ||
| 650 | _aTOWN CENTRE RETAILING | ||
| 650 | _aPROPERTY OWNERSHIP | ||
| 650 | _aSHOPPING MALLS | ||
| 650 | _aMANCHESTER | ||
| 650 | _aCONSOLIDATION | ||
| 690 | _aPROPERTY-COMMERCIAL PROPERTY-RETAIL PROPERTY | ||
| 942 | _n0 | ||
| 999 |
_c63366 _d63366 |
||